Detalles MARC
| 000 -LEADER |
| fixed length control field |
01265nam a2200217Ia 4500 |
| 003 - CONTROL NUMBER IDENTIFIER |
| control field |
OSt |
| 005 - DATE AND TIME OF LATEST TRANSACTION |
| control field |
20210430174854.0 |
| 008 - FIXED-LENGTH DATA ELEMENTS--GENERAL INFORMATION |
| fixed length control field |
210310s2007 ck ao fr 100 0 spa d |
| 020 ## - INTERNATIONAL STANDARD BOOK NUMBER |
| International Standard Book Number |
9789589770542 |
| 040 ## - CATALOGING SOURCE |
| Original cataloging agency |
CO-JMCR |
| Transcribing agency |
0CO-JMCR |
| 041 0# - LANGUAGE CODE |
| Language code of text/sound track or separate title |
spa |
| 082 04 - DEWEY DECIMAL CLASSIFICATION NUMBER |
| Classification number |
334.2 / |
| Item number |
J828m |
| Edition number |
23 |
| 111 2# - MAIN ENTRY--MEETING NAME |
| Meeting name or jurisdiction name as entry element |
Jornada de Opinión Cooperativa |
| Number of part/section/meeting |
(22a : |
| Date of meeting or treaty signing |
2007 : |
| Location of meeting |
Cartagena) |
| 9 (RLIN) |
37313 |
| 245 10 - TITLE STATEMENT |
| Title |
Memorias XXII Jornada de Opinión Cooperativa : |
| Remainder of title |
más marca, más valor, más cooperativismo / |
| Statement of responsibility, etc. |
Jornada de Opinión Cooperativa |
| 260 ## - PUBLICATION, DISTRIBUTION, ETC. |
| Place of publication, distribution, etc. |
Cartagena : |
| Name of publisher, distributor, etc. |
Asociación Colombiana de Cooperativas-ASCOOP, |
| Date of publication, distribution, etc. |
2007 |
| 300 ## - PHYSICAL DESCRIPTION |
| Extent |
58 páginas : |
| Other physical details |
ilustraciones y fotografías a blanco y negro ; |
| Dimensions |
24 cm. |
| 505 0# - FORMATTED CONTENTS NOTE |
| Title |
Instalación / |
| Statement of responsibility |
Clemente Augusto Jaimes |
| Title |
Enrique Valderrama / |
| Statement of responsibility |
Superintendente de la Economía Solidaria |
| Title |
Cómo romper los paradigmas empresariales / |
| Statement of responsibility |
Pilar Jericó |
| Title |
Una marca construida sobre el éxito empresarial / |
| Statement of responsibility |
Jorge Fernández |
| Title |
Negocios cooperativas que marcan el desarrollo social / |
| Statement of responsibility |
Oscar Carreras |
| Title |
Co-Marketing, la esencia cooperativa a través de la marca / |
| Statement of responsibility |
Mario Huertas |
| 650 14 - SUBJECT ADDED ENTRY--TOPICAL TERM |
| Topical term or geographic name entry element |
Cooperativas |
| 9 (RLIN) |
15483 |
| General subdivision |
Congresos, conferencias, etc. |
| Geographic subdivision |
Colombia |
| 650 24 - SUBJECT ADDED ENTRY--TOPICAL TERM |
| Topical term or geographic name entry element |
Bancos cooperativos |
| General subdivision |
Congresos, conferencias, etc. |
| Geographic subdivision |
Colombia |
| 9 (RLIN) |
37314 |
| 942 ## - ADDED ENTRY ELEMENTS (KOHA) |
| Source of classification or shelving scheme |
Dewey Decimal Classification |
| Koha item type |
Books |